[Event "Nikeas Spring op B"]
[Site "Nikea"]
[Date "2013.05.12"]
[Round "7.1"]
[White "Maroudas Katsaros, Panagiotis A"]
[Black "Foutouhos, Spyridon"]
[Result "1/2-1/2"]
[WhiteElo "1562"]
[BlackElo "1553"]
[PlyCount "77"]
[EventDate "2013.05.07"]
[EventType "swiss"]
[EventRounds "7"]
[EventCountry "GRE"]
[SourceTitle "EXT 2024"]
[Source "ChessBase"]
[SourceDate "2023.10.10"]
[SourceVersion "1"]
[SourceVersionDate "2023.10.10"]
[SourceQuality "1"]

1. d4 Nf6 2. Bf4 d6 3. Nf3 g6 4. e3 Bg4 5. Nbd2 Bg7 6. Bd3 Nc6 7. h3 Bd7 8. c3 0-0 9. Qc2 Re8 10. Bg5 e5 11. dxe5 Nxe5 12. Nxe5 dxe5 13. Rd1 Bc6 14. Be4 h6 15. Bxc6 bxc6 16. Ne4 Qe7 17. Nxf6+ Bxf6 18. Bxf6 Qxf6 19. Rd7 Qe6 20. Rxc7 Reb8 21. Qa4 Rxb2 22. 0-0 Rxa2 23. Qxc6 Qxc6 24. Rxc6 Rd8 25. c4 Rdd2 26. c5 Rdc2 27. Rc8+ Kg7 28. c6 Ra6 29. c7 Rac6 30. Ra1 Rxc7 31. Ra8 f5 32. R8xa7 e4 33. Rxc7+ Rxc7 34. Ra6 h5 35. h4 Rc2 36. Rb6 Ra2 37. Rc6 Kf7 38. Rb6 Kg7 39. Rc6 1/2-1/2

[Event "Nikeas Spring op B"]
[Site "Nikea"]
[Date "2013.05.10"]
[Round "5.1"]
[White "Maroudas Katsaros, Panagiotis A"]
[Black "Nikolaidis, Paris"]
[Result "1/2-1/2"]
[WhiteElo "1562"]
[BlackElo "1668"]
[PlyCount "89"]
[EventDate "2013.05.07"]
[EventType "swiss"]
[EventRounds "7"]
[EventCountry "GRE"]
[SourceTitle "EXT 2024"]
[Source "ChessBase"]
[SourceDate "2023.10.10"]
[SourceVersion "1"]
[SourceVersionDate "2023.10.10"]
[SourceQuality "1"]

1. d4 Nf6 2. Bf4 g6 3. e3 Bg7 4. Bd3 0-0 5. Nf3 c5 6. c3 cxd4 7. exd4 d6 8. Qc2 a6 9. Nbd2 b5 10. a3 Bb7 11. 0-0 Nbd7 12. Rfe1 Rc8 13. Ne4 Nd5 14. Be3 N7b6 15. Ng3 Nxe3 16. fxe3 e6 17. Qe2 Nd5 18. a4 b4 19. c4 Ne7 20. Red1 a5 21. c5 Nf5 22. Ne4 Bh6 23. Nxd6 Nxd6 24. cxd6 Qxd6 25. Ne5 Bg7 26. Nc4 Qd8 27. Nd2 e5 28. dxe5 Qe7 29. Nf3 Rc5 30. Bb5 Bxf3 31. Qxf3 Qxe5 32. Rd2 Qb8 33. Rf1 Rf5 34. Qe2 Rxf1+ 35. Qxf1 Bh6 36. Re2 Rc8 37. b3 Qe5 38. Bc4 Rc7 39. Qf3 Rd7 40. Re1 Qc3 41. Kf1 Qe5 42. Kg1 Kg7 43. e4 Qc3 44. Rf1 Qxf3 45. Rxf3 1/2-1/2

[Event "Nikaia op-B 20th"]
[Site "Nikaia"]
[Date "2012.08.26"]
[Round "2.3"]
[White "Maroudas Katsaros, Panagiotis A"]
[Black "Tourkolias, Dimitrios"]
[Result "0-1"]
[WhiteElo "1526"]
[BlackElo "1762"]
[PlyCount "112"]
[EventDate "2012.08.26"]
[EventType "swiss"]
[EventRounds "9"]
[EventCountry "GRE"]
[SourceTitle "EXT 2024"]
[Source "ChessBase"]
[SourceDate "2023.10.10"]
[SourceVersion "1"]
[SourceVersionDate "2023.10.10"]
[SourceQuality "1"]

1. d4 Nf6 2. Bf4 e6 3. e3 d5 4. Bd3 c5 5. c3 Bd6 6. Bg5 Nc6 7. dxc5 Bxc5 8. Nf3 h6 9. Bh4 e5 10. Bb5 Qb6 11. Bxc6+ bxc6 12. Qb3 Qa6 13. Nxe5 Be6 14. Qc2 Rb8 15. Nd2 0-0 16. Bxf6 gxf6 17. Nef3 f5 18. Nd4 Bd6 19. b3 c5 20. Nxf5 Bxf5 21. Qxf5 d4 22. cxd4 cxd4 23. Qg4+ Kh7 24. Qxd4 Bb4 25. Qe4+ f5 26. Qc4 Qxc4 27. bxc4 Rfd8 28. Rd1 Rxd2 29. Rxd2 Rd8 30. 0-0 Rxd2 31. g3 Rxa2 32. Rc1 Ra5 33. Kg2 Rc5 34. Kf3 a5 35. g4 Kg6 36. h4 fxg4+ 37. Kxg4 Kf6 38. f4 Bd2 39. Rd1 Bxe3 40. Rd6+ Kg7 41. Rd7+ Kg8 42. Rd8+ Kf7 43. Rd7+ Ke6 44. Rh7 h5+ 45. Kf3 Bc1 46. Rh6+ Kf7 47. Ra6 Bd2 48. Ra7+ Ke6 49. Rh7 Kd6 50. Rh6+ Kc7 51. Rh7+ Kb6 52. Rh6+ Rc6 53. Rxh5 Rxc4 54. Rf5 Rxf4+ 55. Rxf4 Bxf4 56. Kxf4 a4 0-1

[Event "GRE-ch U16"]
[Site "Rio Achaia"]
[Date "2012.06.25"]
[Round "3.8"]
[White "Maroudas Katsaros, Panagiotis A"]
[Black "Noutsos, Stamoulis"]
[Result "0-1"]
[WhiteElo "1536"]
[BlackElo "1925"]
[PlyCount "64"]
[EventDate "2012.06.24"]
[EventType "swiss"]
[EventRounds "6"]
[EventCountry "GRE"]
[SourceTitle "EXT 2024"]
[Source "ChessBase"]
[SourceDate "2023.10.10"]
[SourceVersion "1"]
[SourceVersionDate "2023.10.10"]
[SourceQuality "1"]

1. d4 d5 2. Bf4 Nf6 3. e3 c5 4. c3 Nc6 5. Bd3 Qb6 6. Qc1 e6 7. Nf3 Bd7 8. Nbd2 Rc8 9. dxc5 Bxc5 10. Nb3 Be7 11. Nbd4 0-0 12. Nxc6 bxc6 13. Qc2 c5 14. Ne5 Rfd8 15. Nxd7 Rxd7 16. 0-0 c4 17. Be2 Rb7 18. Rab1 Ne4 19. Bf3 Nc5 20. Rfd1 Bf6 21. Bg3 Qa5 22. e4 Nd3 23. a3 Rd8 24. exd5 exd5 25. Be2 Nc5 26. Bf3 Ne6 27. Re1 Rb5 28. Bg4 Qb6 29. Re2 d4 30. Qe4 d3 31. Rd2 Bxc3 32. Bxe6 Qxe6 0-1

[Event "Attica-ch U16"]
[Site "Peristeri"]
[Date "2012.04.18"]
[Round "3"]
[White "Panagos, Theodoros"]
[Black "Maroudas Katsaros, Panagiotis A"]
[Result "1-0"]
[WhiteElo "1735"]
[BlackElo "1534"]
[PlyCount "47"]
[EventDate "2012.04.17"]
[EventType "swiss"]
[EventRounds "7"]
[EventCountry "GRE"]
[SourceTitle "EXT 2024"]
[Source "ChessBase"]
[SourceDate "2023.10.10"]
[SourceVersion "1"]
[SourceVersionDate "2023.10.10"]
[SourceQuality "1"]

1. e4 c5 2. c3 g6 3. Nf3 Bg7 4. d4 cxd4 5. cxd4 d6 6. Bb5+ Bd7 7. Qe2 Nf6 8. 0-0 0-0 9. Nc3 a6 10. Bxd7 Qxd7 11. e5 Ne8 12. Nd5 Qd8 13. Bg5 f6 14. exf6 exf6 15. Qe6+ Kh8 16. Rac1 Nc6 17. Bf4 g5 18. Be3 Nc7 19. Nxc7 Qxc7 20. d5 Qe7 21. Nd4 Rfe8 22. dxc6 Qxe6 23. Nxe6 Rxe6 24. cxb7 1-0

[Event "Attica-ch U16"]
[Site "Peristeri"]
[Date "2012.04.17"]
[Round "1"]
[White "Gkikas, Hristos"]
[Black "Maroudas Katsaros, Panagiotis A"]
[Result "1-0"]
[WhiteElo "1915"]
[BlackElo "1534"]
[PlyCount "59"]
[EventDate "2012.04.17"]
[EventType "swiss"]
[EventRounds "7"]
[EventCountry "GRE"]
[SourceTitle "EXT 2024"]
[Source "ChessBase"]
[SourceDate "2023.10.10"]
[SourceVersion "1"]
[SourceVersionDate "2023.10.10"]
[SourceQuality "1"]

1. c4 c5 2. Nf3 g6 3. Nc3 Bg7 4. e3 Nf6 5. d4 cxd4 6. exd4 d5 7. b3 Nc6 8. Be2 Bf5 9. 0-0 0-0 10. Re1 Rc8 11. h3 Nb4 12. Nh4 Nc2 13. Nxf5 Nxa1 14. Ne3 Ne4 15. Nxe4 dxe4 16. Bb2 Nxb3 17. axb3 Qd7 18. Qc2 f5 19. Rd1 Rfd8 20. c5 Qc6 21. Bc4+ Kf8 22. b4 a6 23. Qb3 Rc7 24. Nd5 Rcd7 25. Nf4 e5 26. Ne6+ Ke8 27. Nxd8 Rxd8 28. dxe5 Rxd1+ 29. Qxd1 b5 30. Qd5 1-0

[Event "GRE-ch U18"]
[Site "Nikaia"]
[Date "2012.01.09"]
[Round "9"]
[White "Papadopoulos, Asterios"]
[Black "Maroudas Katsaros, Panagiotis A"]
[Result "1-0"]
[WhiteElo "1607"]
[BlackElo "1528"]
[PlyCount "107"]
[EventDate "2012.01.03"]
[EventType "swiss"]
[EventRounds "9"]
[EventCountry "GRE"]
[SourceTitle "CBM 146 Extra"]
[Source "ChessBase"]
[SourceDate "2012.02.29"]
[SourceVersion "1"]
[SourceVersionDate "2012.02.29"]
[SourceQuality "1"]

1. e4 c5 2. Nc3 a6 3. d3 d6 4. g3 Nc6 5. Bg2 Nf6 6. Nge2 g6 7. 0-0 Bg7 8. Be3 Bd7 9. Qd2 Qc8 10. f4 Bh3 11. f5 Bxg2 12. Kxg2 gxf5 13. Rxf5 h5 14. Bg5 Ne5 15. Bxf6 Bxf6 16. Nd5 Bg7 17. Nb6 Bh6 18. Nf4 Qd8 19. Nxa8 Ng6 20. Rxh5 Bxf4 21. Rxh8+ Nxh8 22. Qxf4 Ng6 23. Qf3 Qxa8 24. Rf1 Ne5 25. Qh5 Kd7 26. h4 Qg8 27. Kh3 f6 28. b3 Nc6 29. Qf5+ Kc7 30. h5 Nd4 31. Qg6 Qe6+ 32. g4 Qe5 33. Rf2 Ne6 34. Qf5 Ng5+ 35. Kg2 Qd4 36. Qf4 Ne6 37. Qg3 Kd7 38. h6 Ng5 39. Qf4 d5 40. exd5 Qxd5+ 41. Kg3 Qh1 42. Rh2 Qg1+ 43. Rg2 Qh1 44. Qf5+ Kc6 45. Qc8+ Kb6 46. Qd8+ Ka7 47. Qd5 Qh3+ 48. Kf2 Qh4+ 49. Ke2 Qh1 50. Qxc5+ Ka8 51. Qg1 Qxh6 52. Rh2 Nh3 53. Qg3 Nf4+ 54. Kf3 1-0